Proceso de la investigación cualitativa: epistemología, metodología y aplicaciones (Registro nro. 8251)
[ vista simple ]
| 000 -Cabecera | |
|---|---|
| Campo de control de longitud fija | 01015nam a2200325 i 4500 |
| 005 - Fecha y hora de la última transacción | |
| Campo de control | 20260226192332.0 |
| 008 - Elementos de longitud fija--Información general | |
| Campo de control de longitud fija | 120113s2011 mx a 000 0 spadd |
| 020 ## - International Standard Book Number | |
| Número Internacional Estándar del Libro (ISBN) | 9789589446409 |
| 041 ## - Idioma | |
| Código de idioma | Español |
| 082 ## - Clasificación Decimal Dewey | |
| Número de clasificación | 001.42 B352p |
| 100 1# - Entrada principal--Autor personal | |
| Nombre personal | Bautista, Nelly Patricia. |
| 245 10 - Título propiamente dicho | |
| Título | Proceso de la investigación cualitativa: epistemología, metodología y aplicaciones |
| 260 ## - Pie de imprenta | |
| Lugar de publicación, distribución, etc. | Colombia |
| 260 ## - Pie de imprenta | |
| Nombre del editor, distribuidor, etc. | Manantial |
| 260 ## - Pie de imprenta | |
| Fecha de publicación, distribución, etc. | 2011 |
| 300 ## - Descripción física | |
| Extensión | 254 páginas |
| Otras características físicas | Ilustraciones y fotos a blanco y negro |
| 490 ## - Serie | |
| Título de la Serie | Temática General |
| 650 #4 - Materia general | |
| Temática (materia general) | MÉTODO DE INVESTIGACIÓN |
| 650 #4 - Materia general | |
| Temática (materia general) | INVESTIGACIÓN CIENTÍFICA |
| 650 #4 - Materia general | |
| Temática (materia general) | METODOLOGÍA CIENTÍFICA |
| 650 #4 - Materia general | |
| Temática (materia general) | INVESTIGACIÓN CUALITATIVA |
| 650 #4 - Materia general | |
| Temática (materia general) | INVESTIGACIÓN ETNOGRÁFICA |
| 650 #4 - Materia general | |
| Temática (materia general) | INVESTIGACIÓN ACCIÓN PARTICIPATIVA |
| 650 #4 - Materia general | |
| Temática (materia general) | INVESTIGACIÓN SOCIAL |
| 650 #4 - Materia general | |
| Temática (materia general) | PROYECTO DE INVESTIGACIÓN |
| 650 #4 - Materia general | |
| Temática (materia general) | PERPECTIVAS EPISTEMOLÓGICAS |
| 650 #4 - Materia general | |
| Temática (materia general) | EVALUACIÓN DE RESULTADOS |
| 650 #4 - Materia general | |
| Temática (materia general) | INFORME |
| 942 ## - Punto de acceso adicional KOHA | |
| Tipo de ítem KOHA | Libro |
| Fuente del sistema de clasificación o colocación | Dewey Decimal Classification |
| Signatura completa | Código de barras | Programa Académico | Tipo de ítem |
|---|---|---|---|
| 001.42 B352p | 21261 | Temática General | Libro |
| 001.42 B352p | 21262 | Temática General | Libro |